000 01085nas a2200337 4500
001 BR0303149
003 BR-BrBNA
005 20231205103921.0
007 ta
008 230509b bl.|||p| |||| 00| 00por d
040 _aBR-BrBNA
_bpor
_cBiblioteca Nacional de Agricultura
041 _a(Es)
072 _aQ04
100 1 _aCosta, S.M. de
100 1 _aMontenegro, M.A.
100 1 _aArregui, T.
100 1 _aPinto, M.I.S. de
100 1 _aNazareno, M.A.
100 1 _aMishima, B.L. de
245 1 _aCaracterización de acelga fresca de Santiago Del Estero (Argentina). Comparación del contenido de nutrientes en hoja y tallo. Evaluación de los carotenoides presentes
650 _aACELGA
650 _aVALOR NUTRITIVO
650 _aFOLHA
650 _aNUTRIENTE MINERAL
650 _aMACROELEMENTO
650 _aCOMPOSIÇÃO DE ALIMENTO
650 _aCAROTENÓIDE
773 0 _tCiência e Tecnologia de Alimentos (Brazil)
_xISSN 0101-2061
_g(Jan-Apr 2003), v. 23(1) p. 33-37
_wBR0303149
909 _a202311
_bLúcia
_c55
_dLúcia Elande
942 _2AGRIS
_n0
_cANA
999 _c175421
_d175421